[Event "SVR-ch MTB 35th"]
[Site "Nickenich"]
[Date "2012.04.05"]
[Round "7"]
[White "Griesinger, Christian"]
[Black "Becker, Wilhelm"]
[Result "1-0"]
[WhiteElo "1945"]
[BlackElo "1912"]
[PlyCount "51"]
[EventDate "2012.03.30"]
[EventType "tourn"]
[EventRounds "9"]
[EventCountry "GER"]
[SourceTitle "EXT 2013"]
[Source "ChessBase"]
[SourceDate "2012.11.22"]
[SourceVersion "1"]
[SourceVersionDate "2012.11.22"]
[SourceQuality "1"]

1. e4 d5 2. exd5 Qxd5 3. Nc3 Qd6 4. d4 Nf6 5. Bc4 a6 6. Nge2 b5 7. Bf4 Qb6 8. Nd5 Nxd5 9. Bxd5 Bb7 10. Bxb7 Qxb7 11. 0-0 c6 12. Qd3 e6 13. Nc3 Be7 14. Qg3 0-0 15. Bh6 Bf6 16. Ne4 Qe7 17. Rad1 Rc8 18. Rfe1 Kh8 19. Bf4 Nd7 20. Nd6 Rg8 21. Re3 Nb6 22. Rc3 Nd5 23. Rxc6 Nxf4 24. Qxf4 Rgd8 25. Rd3 e5 26. dxe5 1-0

[Event "SVR-ch MTB 35th"]
[Site "Nickenich"]
[Date "2012.03.30"]
[Round "1"]
[White "Griesinger, Christian"]
[Black "Schwab, Thomas"]
[Result "0-1"]
[WhiteElo "1945"]
[BlackElo "1919"]
[PlyCount "32"]
[EventDate "2012.03.30"]
[EventType "tourn"]
[EventRounds "9"]
[EventCountry "GER"]
[SourceTitle "EXT 2013"]
[Source "ChessBase"]
[SourceDate "2012.11.22"]
[SourceVersion "1"]
[SourceVersionDate "2012.11.22"]
[SourceQuality "1"]

1. e4 c5 2. d4 cxd4 3. c3 dxc3 4. Nxc3 Nc6 5. Nf3 d6 6. Bc4 a6 7. 0-0 Nf6 8. Bf4 Bg4 9. Qb3 e6 10. Qxb7 Na5 11. Qb4 e5 12. Ng5 d5 13. Qa4+ Bd7 14. Qc2 Nxc4 15. Nxd5 Rc8 16. Qe2 exf4 0-1

[Event "SVR-ch MAT-II 34th"]
[Site "Reil"]
[Date "2011.04.16"]
[Round "2"]
[White "Griesinger, Christian"]
[Black "Goedde, Patrick"]
[Result "1-0"]
[WhiteElo "1880"]
[BlackElo "1815"]
[PlyCount "71"]
[EventDate "2011.04.15"]
[EventType "tourn"]
[EventRounds "9"]
[EventCountry "GER"]
[SourceTitle "EXT 2013"]
[Source "ChessBase"]
[SourceDate "2012.11.22"]
[SourceVersion "1"]
[SourceVersionDate "2012.11.22"]
[SourceQuality "1"]

1. d4 d5 2. Nf3 Nf6 3. g3 e6 4. Bg2 c5 5. e3 Qa5+ 6. Nbd2 cxd4 7. exd4 Qa6 8. c4 Nc6 9. 0-0 Bb4 10. cxd5 Nxd5 11. Ne4 0-0 12. a3 Be7 13. Bg5 Bd7 14. Bxe7 Ncxe7 15. Nc5 Qd6 16. Nxb7 Qb6 17. Nc5 Bb5 18. Re1 Rfd8 19. Qc2 Rac8 20. b4 Nf6 21. Qb2 Nf5 22. a4 Bc4 23. a5 Qb5 24. Rab1 Rd6 25. Re5 Ng4 26. Ree1 Nf6 27. h3 Rcd8 28. Ne5 Rxd4 29. Nc6 Rd2 30. Qc3 Nd4 31. Nxd8 Ne2+ 32. Rxe2 Rxe2 33. Bc6 Nd5 34. Qd4 Qb8 35. Ndxe6 Ne3 36. Qxg7# 1-0

[Event "SVR-ch MTB 31th"]
[Site "Idar Oberstein"]
[Date "2008.03.20"]
[Round "7"]
[White "Griesinger, Christian"]
[Black "Schwertel, Johann"]
[Result "1/2-1/2"]
[WhiteElo "1902"]
[BlackElo "1982"]
[PlyCount "120"]
[EventDate "2008.03.14"]
[EventType "tourn"]
[EventRounds "9"]
[EventCountry "GER"]
[SourceTitle "EXT 2009"]
[Source "ChessBase"]
[SourceDate "2008.11.26"]
[SourceVersion "1"]
[SourceVersionDate "2008.11.26"]
[SourceQuality "1"]

1. Nf3 d5 2. g3 Nf6 3. Bg2 c6 4. 0-0 g6 5. d3 Bg7 6. Nbd2 0-0 7. c4 e6 8. Qb3 Nbd7 9. cxd5 exd5 10. Re1 Re8 11. e4 dxe4 12. dxe4 Nc5 13. Qc2 Nd3 14. Rf1 Nxe4 15. Nxe4 Rxe4 16. Rd1 Bf5 17. Qxd3 Qb6 18. Qf1 Rae8 19. Nh4 Re2 20. Nxf5 gxf5 21. Bf3 Rc2 22. Rb1 Bd4 23. Rd2 Qc5 24. Rxc2 Qxc2 25. Ra1 a5 26. Bh6 Re6 27. Bf4 Qxb2 28. Re1 Qxa2 29. Rxe6 fxe6 30. Qe1 a4 31. Be3 Bf6 32. Qa5 Qb3 33. Bh6 Qxf3 34. Qa8+ Kf7 35. Qf8+ Kg6 36. Be3 Qd1+ 37. Kg2 Qd5+ 38. Kg1 a3 39. Qxa3 e5 40. Qf8 Bg7 41. Qe7 h6 42. Qxb7 Qe6 43. h4 Qf6 44. Qd7 Kh7 45. Qc7 Qg6 46. h5 Qe6 47. Bc5 f4 48. Bf8 Qf6 49. Bxg7 Qxg7 50. Qxc6 fxg3 51. Qe4+ Kh8 52. Qa8+ Qg8 53. Qxg8+ Kxg8 54. fxg3 Kf7 55. Kf2 Kf6 56. Kf3 Kf5 57. g4+ Kg5 58. Ke4 Kf6 59. Kd5 Kg5 60. Kxe5 Kxg4 1/2-1/2

[Event "SVR-ch MTB 31th"]
[Site "Idar Oberstein"]
[Date "2008.03.20"]
[Round "6"]
[White "Harig, Alexander"]
[Black "Griesinger, Christian"]
[Result "1/2-1/2"]
[WhiteElo "1902"]
[BlackElo "1902"]
[PlyCount "22"]
[EventDate "2008.03.14"]
[EventType "tourn"]
[EventRounds "9"]
[EventCountry "GER"]
[SourceTitle "EXT 2009"]
[Source "ChessBase"]
[SourceDate "2008.11.26"]
[SourceVersion "1"]
[SourceVersionDate "2008.11.26"]
[SourceQuality "1"]

1. c4 Nf6 2. Nf3 g6 3. g3 Bg7 4. Bg2 0-0 5. Nc3 d6 6. 0-0 c5 7. d3 Nc6 8. e4 e5 9. h3 h6 10. Be3 Nd4 11. Kh2 Bd7 1/2-1/2

[Event "SVR-ch MTB 31th"]
[Site "Idar Oberstein"]
[Date "2008.03.14"]
[Round "1"]
[White "Becker, Wilhelm"]
[Black "Griesinger, Christian"]
[Result "1/2-1/2"]
[WhiteElo "1999"]
[BlackElo "1902"]
[PlyCount "64"]
[EventDate "2008.03.14"]
[EventType "tourn"]
[EventRounds "9"]
[EventCountry "GER"]
[SourceTitle "EXT 2009"]
[Source "ChessBase"]
[SourceDate "2008.11.26"]
[SourceVersion "1"]
[SourceVersionDate "2008.11.26"]
[SourceQuality "1"]

1. d4 Nf6 2. c4 g6 3. Nc3 Bg7 4. e4 d6 5. Be2 Nbd7 6. Be3 e5 7. d5 a5 8. g4 Nc5 9. f3 h5 10. g5 Nfd7 11. Qd2 b6 12. b3 Qe7 13. h4 Bb7 14. Nh3 Na6 15. a3 Nac5 16. Bd1 Bc8 17. Rb1 0-0 18. b4 axb4 19. axb4 Nb7 20. Qb2 f5 21. gxf6 Nxf6 22. Ng5 Nh7 23. Rg1 Bd7 24. Ra1 Nxg5 25. hxg5 Qe8 26. Ra3 Rxa3 27. Qxa3 Qa8 28. Qxa8 Rxa8 29. Kd2 Kf7 30. Kc1 Ke7 31. Kb2 Rf8 32. Rh1 Kd8 1/2-1/2

[Event "SVR-ch HT 29th"]
[Site "Koblenz"]
[Date "2006.04.08"]
[Round "1"]
[White "Griesinger, Christian"]
[Black "Mintgen, Christoph"]
[Result "0-1"]
[WhiteElo "1767"]
[BlackElo "1426"]
[PlyCount "62"]
[EventDate "2006.04.08"]
[EventType "swiss"]
[EventRounds "7"]
[EventCountry "GER"]
[SourceTitle "EXT 2009"]
[Source "ChessBase"]
[SourceDate "2008.11.26"]
[SourceVersion "1"]
[SourceVersionDate "2008.11.26"]
[SourceQuality "1"]

1. e4 d6 2. d4 Nf6 3. Nc3 g6 4. f4 Bg7 5. Nf3 Bg4 6. h3 Bxf3 7. Qxf3 Nc6 8. Be3 e5 9. dxe5 dxe5 10. Bb5 0-0 11. Bxc6 bxc6 12. f5 a6 13. 0-0 Qe7 14. a3 a5 15. Na4 Nd7 16. Qf2 Qf6 17. Rad1 Rad8 18. g4 h6 19. Rd3 Qe7 20. Rfd1 Bf6 21. Qd2 Nb6 22. Rxd8 Qxd8 23. Qxd8 Rxd8 24. Rxd8+ Bxd8 25. Nxb6 cxb6 26. Bxh6 g5 27. h4 f6 28. hxg5 fxg5 29. Kf2 Be7 30. Ke3 Kh7 31. f6 Bc5+ 0-1